[Event "Orsha op"]
[Site "Orsha"]
[Date "2019.01.20"]
[Round "5"]
[White "Kulikov, Egor"]
[Black "Borodulin, Pavel"]
[Result "0-1"]
[WhiteElo "1557"]
[BlackElo "1481"]
[PlyCount "96"]
[EventDate "2019.01.18"]
[EventType "swiss"]
[EventRounds "9"]
[EventCountry "BLR"]
[SourceTitle "CBM 188 Extra"]
[Source "ChessBase"]
[SourceDate "2019.02.26"]
[SourceVersion "1"]
[SourceVersionDate "2019.02.26"]
[SourceQuality "1"]

1. e4 c5 2. c3 d6 3. d4 cxd4 4. cxd4 Nf6 5. Nc3 g6 6. Nf3 Bg7 7. Bc4 0-0 8. 0-0 Nc6 9. Be3 Bg4 10. Be2 Rc8 11. h3 Bxf3 12. Bxf3 a6 13. Qd2 b5 14. Rac1 e6 15. Ne2 Qd7 16. Bh6 Bxh6 17. Qxh6 Nb4 18. Qd2 Nc6 19. b4 Rfd8 20. a3 Qe7 21. Qg5 Nd7 22. Qxe7 Nxe7 23. Rxc8 Rxc8 24. Rc1 Rxc1+ 25. Nxc1 Nb6 26. Be2 Nc6 27. Nb3 Nc4 28. Bxc4 bxc4 29. Nd2 c3 30. Nb3 c2 31. d5 Ne5 32. Nc1 exd5 33. exd5 Nc4 34. Kf1 Nxa3 35. Ke2 Kg7 36. Kd3 Kf6 37. Kc3 Ke5 38. Kb3 Nb5 39. Kxc2 Kxd5 40. Kb3 Nd4+ 41. Kc3 g5 42. f3 h5 43. Kd3 f5 44. Na2 h4 45. Nc3+ Ke5 46. Kc4 Nc2 47. Nd1 Kf4 48. Kd3 Nxb4+ 0-1